Responses for show #5234 - Thursday, May 17, 2007

Andrew Rostan game 6.

Contestants

[<< previous game]

Sara Westrick Schomig, a strategic information officer from Annapolis, Maryland

Tigger Jourard, a faculty administrative assistant from London, Ontario, Canada

Andrew Rostan, a student originally from Boardman, Ohio (whose 5-day cash winnings total $124,500)

[next game >>]

Jeopardy! Round responses

DWELLING ON THE PAST
SUV
POLITICAL LINGO ORIGINS
SPOT THE MISSPELED WORD
BEANY
CECIL
    $200 11
(Alex: And the treaty of [*].)
[Laughter]
(Alex: I told you we were going to have fun!)

Limerick

Triple Stumper
    $200 21
cupholders

Sara
    $200 6
bully pulpit

Triple Stumper
    $200 16
Febuary (February)

Sara
    $200 25
Japan

Tigger
    $200 1
sea serpent

Andrew
    $400 12
(Tigger: Who is Wellington?)

Admiral Horatio Nelson

AndrewTigger
    $400 22
(Sara: What is hybrid?)

Hummer

Sara
Triple Stumper
    $400 7
filibuster

Andrew
    $400 17
electricle (electrical)

Andrew
    $400 26
jelly beans

Tigger
    $400 2
Days Inn

Tigger
    $600 13
Gaul

Andrew
    $600 23
Aspen

Andrew
    $600 8
lame duck

Tigger
    $600 18
mathmatics (mathematics)

Andrew
    $600 27
(Sara: What are snap peas?)
[Initially ruled correct, but was later reversed before Double Jeopardy!]

snap beans

Sara
Triple Stumper
    $1,000 3
Cecil Rhodes

Tigger
    $800 14
Butch Cassidy

Andrew
    $800 24
Durango

Tigger
    $800 9
incumbent

Triple Stumper
    $800 19
backround (background)

Andrew
    $800 28
coffee

Sara
    $800 4
Cecil B. DeMille

Tigger
    $1000 15
Malcolm

Tigger
    $1000 30
Escalade

Sara
    $1000 10
stump

Triple Stumper
    $1000 20
constelations (constellations)

Sara
    $1000 29
vanilla

Tigger
    $1000 5
Cecil Day-Lewis

Tigger

Scores at the first commercial break (after clue 15):

Andrew Tigger Sara
$2,400 $4,400 $0

Scores at the end of the Jeopardy! Round:

Andrew Tigger Sara
$4,800 $6,800 $2,200

Double Jeopardy! Round responses

THE SCIENCE OF SOUND
(Alex: Some of our clues will come from the National Center for Physical Acoustics at Ole Miss.)
MOVIE TITLE PAIRS
THE WRITE STUFF
CREOLE CURIOSITY SHOP
WORLD CAPITALS
A "MAN"LY CATEGORY
    $400 26
land mines

Sara
    $400 16
Indiana Jones

Tigger
    $400 11
veterinarian

Sara
    $400 21
Louisiana

Andrew
    $400 1
Berlin

Andrew
    $400 6
Manchuria

Sara
    $800 27
timbre

Andrew
    $800 17
a Baby

Sara
    $800 12
Hermann Hesse

Tigger
    $800 22
jambalaya

Sara
    $2,600 2
Monrovia

Andrew
    $800 7
mandolin

Sara
    $1200 28
turbulence

Andrew
    $1200 18
Anna

Andrew
    $1200 13
Longfellow

Triple Stumper
    $3,000 23
Haiti

Sara
    $1200 3
Phnom Penh

Sara
    $1200 8
mantra

Tigger
    $1600 29
absorption

Tigger
    $1600 19
the Whale

Andrew
    $1600 14
Alexander Pushkin

Andrew
    $1600 24
Rochester

Tigger
    $1600 4
Havana

Andrew
    $1600 9
(Andrew: What is a man ray?)

man o' war

AndrewSara
    $2000 30
infrasound

Tigger
    $2000 20
Jackie

Andrew
    $2000 15
(Tigger: Who is Lao Zhi?)

Sun Tzu

Tigger
Triple Stumper
    $2000 25
General Beauregard

Triple Stumper
    $2000 5
Vilnius

Sara
    $2000 10
manganese

Tigger

Scores at the end of the Double Jeopardy! Round:

Andrew Tigger Sara
$16,600 $14,400 $13,600

[wagering suggestions for these scores]

Final Jeopardy! Round responses

CRIME TIME
SaraWhat is March 18th?
$3,600
TiggerWhat is July 4?
$14,000
AndrewWhat is July 5th?
$12,400
March 18

Final scores:

Andrew Tigger Sara
$4,200 $400 $17,200
2nd place: $2,000 3rd place: $1,000 New champion: $17,200

Game dynamics:

Coryat scores:

Andrew Tigger Sara
$14,800 $14,000 $11,800
19 R
(including 1 DD),
1 W
17 R
(including 1 DD),
2 W
15 R
(including 1 DD),
2 W

Combined Coryat: $40,600

The J! Archive is created by fans, for fans. The Jeopardy! game show and all elements thereof, including but not limited to copyright and trademark thereto, are the property of Jeopardy Productions, Inc. and are protected under law. This website is not affiliated with, sponsored by, or operated by Jeopardy Productions, Inc. Join the discussion at JBoard.tv.